[Event "Avoine op 23rd"]
[Site "Avoine"]
[Date "2008.07.25"]
[Round "7"]
[White "Ingremeau, Maxime"]
[Black "Deschin, Pierre Antoine"]
[Result "0-1"]
[WhiteElo "1866"]
[BlackElo "2055"]
[PlyCount "82"]
[EventDate "2008.07.19"]
[EventType "swiss"]
[EventRounds "9"]
[EventCountry "FRA"]
[SourceTitle "CBM 125 Extra"]
[Source "ChessBase"]
[SourceDate "2008.09.01"]
[SourceVersion "1"]
[SourceVersionDate "2008.09.01"]
[SourceQuality "1"]

1. f4 d5 2. Nf3 g6 3. d3 Bg7 4. c3 Nh6 5. Qc2 0-0 6. e4 c6 7. Be2 f6 8. h3 Qb6 9. d4 dxe4 10. Qxe4 Nf5 11. Bc4+ Kh8 12. 0-0 Ng3 13. Qxe7 Nxf1 14. Kxf1 Qd8 15. Qxd8 Rxd8 16. Be3 Re8 17. Bf2 Nd7 18. Nbd2 Nb6 19. Bb3 Be6 20. Re1 Bxb3 21. Rxe8+ Rxe8 22. Nxb3 Nc4 23. Nc5 b6 24. b3 Ne3+ 25. Bxe3 Rxe3 26. Na4 Bh6 27. f5 b5 28. Nc5 Rxc3 29. Nh4 Bg5 30. Nf3 Rc1+ 31. Ke2 Rc2+ 32. Kf1 Rxa2 33. fxg6 hxg6 34. Nxg5 fxg5 35. Ne6 a5 36. Nxg5 a4 37. bxa4 bxa4 38. Nf7+ Kg7 39. Ne5 Rc2 40. Nd3 a3 41. Nb4 Rb2 0-1